000 00527nam a22001937a 4500
003 BD-ChCU
005 20260506100453.0
008 260506b nyu ||||| |||| 00| 0 eng d
020 _a9780415441759
040 _cBD-ChCU
082 _223
_a333.714 M587
245 _aMethods of environmental impact assessment /
_cedited by Peter Morris.
250 _a3ed.
260 _aNew York :
_bRoutledge,
_c2009
300 _a560 P. :
504 _aIncludes.
650 0 _aEnvironmental impact analysis.
_922463
942 _2ddc
_cBK
_n0
999 _c112710
_d112710